000 00356nam a22001337a 4500
020 _a0030179181
082 _222
_a338.5
100 _aNicholson, Walter E.
245 _aIntermediate microeconomics and its application /
250 _a7th ed.
260 _aNew York,
_bThe Dryden Press,
_cc1997.
300 _axxx, 573p. ;
_bill. ;
_c24 cm.
942 _2ddc
_cGEN
999 _c2709
_d2709